000 00256nam a2200085Ia 4500
008 170620s9999 xx 000 0 und d
100 _aMallick- Mihir Kumar
245 0 _aTalented Children- Identification and education
260 _bNew Delhi- Discovery Publishing House
260 _c2003
999 _c24544
_d24544